000 00711nam a22002177i 4500
999 _c22946
_d22946
003 AR-CdUCM
008 240801b20162016 pe||||| |||| 00| 0 spa d
020 _a978-612-314-850-8
040 _aMUNICIPALIDAD PROVINCIAL DEL CUSCO
_cBIBLIOTECA MUNICIPAL DEL CUSCO
082 _aPI / 376.36 / O38Y
_bO38Y
100 _aOjeda Zañartu, Erlita.
_950081
245 _a¡Yo puedo! /
260 _aLima :
_bEdiciones COREFO
_c2016
300 _a19 páginas. :
_c29 cm.
_eIlustraciones en color.
650 _aTexto escolar
_92070
650 _aCuento infantil
_950082
650 _aRazonamiento verbal
_950083
700 _aReyes Ospina, Frank [Ilustrador]
_950084
942 _2ddc
_cLIBROS
945 _apbj
_d2024-08-01